000 00585nam a2200229Ia 4500
003 OSt
005 20220926035607.0
006 a|||||r|||| 00| 0
007 ta
008 220923b |||||||| |||| 00| 0 eng d
037 _cGeneral Book
040 _aRTL
_cRTL
_beng
041 _2eng
_aeng
082 _aX:936, G8
100 _aHall Patricia
_9342509
245 0 _aIncentive and contentment
260 _c1938
650 _aWages
_9229845
700 _a Locke H W
_9342510
942 _hX:936, G8
_cGB
_2CC
999 _c662617
_d662617